000
00262nam a22000977a 4500
999
_c
11355
_d
11355
008
190313b ||||| |||| 00| 0 eng d
020
_a
9780736063685
100
_a
Delavier Frederic
_9
7095
245
_a
Strength training anatomy
260
_a
USA
_b
Human Kinetics
_c
2006